| 000 | 00607nam a22001817a 4500 | ||
|---|---|---|---|
| 003 | OSt | ||
| 005 | 20250908014416.0 | ||
| 008 | 250908b |||||||| |||| 00| 0 eng d | ||
| 040 |
_aDWCL-Admin lib _cOC |
||
| 082 | _aCirc. 271 Z82 1989 | ||
| 100 | _aZizzamia, Alba | ||
| 245 |
_aA vision unfolding : the scalabrinians in north America (1888-1988) _cAlba Zizzamia |
||
| 260 |
_a[place of publication not identified] : _bCenter for migration studies , _cc1989. |
||
| 300 |
_aix, 150 pages : _cillustrations; 24cm. |
||
| 650 | _a1. Scalabrinians | ||
| 650 | _a2. Zizzamia, Alba | ||
| 942 |
_2ddc _cBK-CIRC _kCirc. _n0 |
||
| 999 |
_c4467 _d4467 |
||